[Event "Challenge"]
[Site "http://www.queenalice.com/game.php?id=1812650"]
[Date "2023.5.27"]
[Round "-"]
[White "Copelipon"]
[Black "jpribeiro"]
[Result "1-0"]
[WhiteElo "2117"]
[BlackElo "1980"]

1. c3 c5 2. d4 b6 3. Bf4 Nf6 4. Nd2 Nd5 5. Bg3 cxd4 6. cxd4 Nc6 7. e4 Nf6 8.
Ngf3 Nh5 9. Bc4 Nxg3 10. fxg3 e6 11. O-O d5 12. exd5 exd5 13. Bb5 Bd7 14. Bxc6
Bxc6 15. Ne5 Bb5 16. Nxf7 Qc7 17. Qe1+ Qe7 18. Rf5 Rg8 19. Nd6+ Kd7 20. Nxb5
Qxe1+ 21. Rxe1 Kc6 22. a4 a6 23. Nc3 Rd8 24. Nf3 Bb4 25. Re6+ Rd6 26. Ne5+ Kc7
27. Re7+ Kc8 28. Rff7 Rdd8 29. Rc7+ Kb8 30. Nc6+ 1-0

[Event "Challenge"]
[Site "http://www.queenalice.com/game.php?id=1813108"]
[Date "2023.6.4"]
[Round "-"]
[White "jpribeiro"]
[Black "Copelipon"]
[Result "0-1"]
[WhiteElo "2011"]
[BlackElo "2134"]

1. e4 e5 2. Nc3 Nf6 3. f4 d5 4. fxe5 Nxe4 5. Nf3 Be7 6. d3 Bh4+ 7. g3 Nxg3 8.
hxg3 Bxg3+ 9. Ke2 Bg4 10. Rg1 Bxf3+ 11. Kxf3 Bxe5 12. Bg5 f6 13. Bf4 Bxf4 14.
Kxf4 Qd6+ 15. Kf3 O-O 16. Bh3 Nc6 17. Nb5 Ne5+ 18. Ke2 Qe7 19. Qf1 Ng4+ 20. Kf3
Nh2+ 21. Kg2 Nxf1 22. Raxf1 c6 23. Nd4 Qe5 24. c3 c5 25. Nf3 Qe2+ 26. Rf2 Qxd3
27. Rd2 Qg6+ 28. Kh2 Qh5 29. Rg3 Qf7 30. Re2 Rae8 31. Rxe8 Rxe8 32. Nh4 Qc7 33.
Nf3 Re2+ 34. Bg2 Rxb2 35. a3 Rb3 36. Ng1 Qd6 37. Ne2 Qe5 38. Kh3 Qh5# 0-1

[Event "Challenge"]
[Site "http://www.queenalice.com/game.php?id=1813499"]
[Date "2023.6.9"]
[Round "-"]
[White "jpribeiro"]
[Black "Copelipon"]
[Result "0-1"]
[WhiteElo "2049"]
[BlackElo "2124"]

1. e4 g6 2. d4 Bg7 3. f4 d6 4. Nf3 Nf6 5. Bd3 O-O 6. Nc3 Nc6 7. h3 e6 8. Be3 a6
9. a3 b5 10. O-O Qe8 11. e5 Nd7 12. exd6 cxd6 13. Ne4 Qe7 14. c3 h6 15. Qe1 f5
16. Ned2 Bb7 17. g4 e5 18. dxe5 dxe5 19. fxe5 Ncxe5 20. Nxe5 Nxe5 21. Bc2 fxg4
22. Rxf8+ Rxf8 23. hxg4 Nxg4 24. Nf1 Rf3 25. Bd1 Qe4 26. Bxf3 Qxf3 0-1

[Event "Challenge"]
[Site "http://www.queenalice.com/game.php?id=1813500"]
[Date "2023.6.9"]
[Round "-"]
[White "Copelipon"]
[Black "jpribeiro"]
[Result "1-0"]
[WhiteElo "2132"]
[BlackElo "1993"]

1. e4 e5 2. Nf3 Nf6 3. Nxe5 d6 4. Nxf7 Kxf7 5. d4 Be6 6. Nc3 h6 7. f4 c6 8. Be2
Be7 9. O-O b5 10. e5 dxe5 11. fxe5 b4 12. Ne4 Qd5 13. Ng3 Rd8 14. Be3 Kg8 15.
exf6 Bxf6 16. c3 bxc3 17. bxc3 Qa5 18. Qd2 Bd5 19. Nh5 Be7 20. Bxh6 gxh6 21.
Qxh6 Bf8 22. Rxf8+ 1-0

[Event "Challenge"]
[Site "http://www.queenalice.com/game.php?id=1813535"]
[Date "2023.6.10"]
[Round "-"]
[White "jpribeiro"]
[Black "Copelipon"]
[Result "1-0"]
[WhiteElo "2011"]
[BlackElo "2140"]

1. e4 e5 2. Nc3 Nf6 3. f4 d5 4. fxe5 Nxe4 5. Nf3 Be7 6. d3 Bh4+ 7. g3 Nxg3 8.
hxg3 Bxg3+ 9. Ke2 Bg4 10. Rg1 Qh4 11. Nxd5 Bxe5 12. Bg2 O-O 13. Rh1 Qd8 14. Ne3
Bxf3+ 15. Bxf3 c6 16. c3 Nd7 17. d4 Bc7 18. Qc2 Re8 19. Qxh7+ Kf8 20. Qh8+ Ke7
21. Qxg7 Rg8 22. Nf5+ Ke6 23. Qh7 Nf6 24. Ng7+ Kd7 25. Qf5+ Ke7 26. Bg5 1-0

[Event "Challenge"]
[Site "http://www.queenalice.com/game.php?id=1813962"]
[Date "2023.6.14"]
[Round "-"]
[White "jpribeiro"]
[Black "Copelipon"]
[Result "1-0"]
[WhiteElo "2025"]
[BlackElo "2110"]

1. e4 Nc6 2. d4 d5 3. exd5 Qxd5 4. Nf3 Bg4 5. Be2 Bxf3 6. Bxf3 Qxd4 7. Bxc6+
bxc6 8. Qxd4 e6 9. O-O c5 10. Qe4 Rd8 11. Bg5 Nf6 12. Qc6+ Rd7 13. Nc3 Bd6 14.
Rad1 Ke7 15. Ne4 Rhd8 16. Nxc5 Bxh2+ 17. Kxh2 Rxd1 18. Rxd1 Rxd1 19. Qxc7+ Ke8
20. Bxf6 gxf6 21. Qb8+ Rd8 22. Qxa7 Kf8 23. Qa3 Ke8 24. Nb7 Rb8 25. Nd6+ Kd7 26.
Nxf7 e5 27. Qd6+ Ke8 28. Qxb8+ Kxf7 29. Qc7+ Kg6 30. a4 e4 31. a5 f5 32. a6 h5
33. a7 Kg5 34. a8=Q f4 35. Qxe4 1-0

[Event "Challenge"]
[Site "http://www.queenalice.com/game.php?id=1814087"]
[Date "2023.6.16"]
[Round "-"]
[White "jpribeiro"]
[Black "Copelipon"]
[Result "1/2-1/2"]
[WhiteElo "2032"]
[BlackElo "2105"]

1. e4 c6 2. c4 e5 3. Nf3 d6 4. Nc3 f5 5. d4 fxe4 6. Nxe4 Bf5 7. Ng3 Bg4 8. dxe5
Bxf3 9. Qxf3 dxe5 10. Qh5+ g6 11. Qxe5+ Qe7 12. Qxe7+ Bxe7 13. Bd3 Nd7 14. O-O
O-O-O 15. Bf4 Ngf6 16. Rfe1 Bc5 17. Ne4 Nxe4 18. Bxe4 Rhf8 19. Bg3 Nf6 20. Bh4
Rd2 21. Bf3 g5 22. Bg3 g4 23. Be2 h5 24. Rab1 Ne4 25. Bxg4+ hxg4 26. Rxe4 Bxf2+
27. Bxf2 Rfxf2 28. Rxg4 Rxb2 29. Rxb2 Rxb2 30. a4 Rb4 31. a5 b5 32. Rg8+ Kb7 33.
cxb5 Rxb5 34. Rg7+ Ka6 35. Rg6 Rc5 36. h4 Rc1+ 37. Kf2 Kxa5 38. Rg5+ c5 39. h5
Kb4 40. Rg4+ c4 41. Rh4 Kb3 42. h6 Rd1 43. Ke2 Rd8 44. h7 Rh8 45. Kd2 a5 46.
Rh3+ Kb2 47. g4 a4 48. g5 c3+ 49. Rxc3 Rxh7 50. Rc2+ Kb3 51. Rc3+ Kb2 52. Rc2+
Kb3 53. Rc3+ Kb2 1/2-1/2

[Event "Challenge"]
[Site "http://www.queenalice.com/game.php?id=1814088"]
[Date "2023.6.16"]
[Round "-"]
[White "jpribeiro"]
[Black "Copelipon"]
[Result "0-1"]
[WhiteElo "2177"]
[BlackElo "2143"]

1. e4 e5 2. f4 exf4 3. Nf3 g5 4. h4 g4 5. Ne5 Nf6 6. d4 d6 7. Nd3 Nxe4 8. Bxf4
Nc6 9. c3 Be7 10. g3 d5 11. Be2 h5 12. Nd2 f5 13. Nxe4 dxe4 14. Ne5 Qd5 15. Bc4
Qa5 16. Bf7+ Kf8 17. Nxc6 bxc6 18. Qb3 Qb6 19. Qxb6 cxb6 20. Bc4 b5 21. Be5 Rh6
22. Bf4 Rg6 23. Be2 Be6 24. O-O-O Bxa2 25. Rhf1 Be6 26. Kc2 a5 27. Rh1 a4 28.
Ra1 Rd8 29. Bc7 Rd7 30. Be5 Bb3+ 31. Kd2 Bd6 32. Bxd6+ Rgxd6 33. Bd1 Be6 34. Ke3
Rd5 35. b4 Ra7 36. Ra3 Kg7 37. Be2 Rf7 38. Rf1 Rd8 39. Rf4 Rdf8 40. Ra1 Ra8 41.
Ra3 Rb7 42. Rf1 Bd5 43. Kf4 Kg6 44. Ke3 Rf8 45. Rf4 Rf6 46. Ra1 Rf8 47. Ra3 Ra8
48. Rf1 Kf6 49. Rf4 Ke6 50. Rf1 Bb3 51. Bd1 Rba7 52. Bxb3+ axb3 53. Rxb3 Ra2 54.
Rf2 Rxf2 55. Kxf2 Ra2+ 56. Kg1 Kd5 0-1

[Event "Challenge"]
[Site "http://www.queenalice.com/game.php?id=1814089"]
[Date "2023.6.16"]
[Round "-"]
[White "jpribeiro"]
[Black "Copelipon"]
[Result "0-1"]
[WhiteElo "2040"]
[BlackElo "2093"]

1. e4 c5 2. Nf3 d6 3. d4 cxd4 4. Nxd4 Nf6 5. Nc3 g6 6. Be3 Bg7 7. h3 O-O 8. Bd3
a6 9. a4 Nbd7 10. f4 e5 11. fxe5 Nxe5 12. Be2 Re8 13. O-O Nc6 14. Nxc6 bxc6 15.
Bf3 Rb8 16. Rb1 Bb7 17. Qd2 c5 18. Bg5 Qc7 19. Rbe1 Ba8 20. b3 Nd7 21. Rd1 Ne5
22. Be2 h6 23. Bxh6 f6 24. Bxg7 Kxg7 25. Bxa6 Re6 26. Nd5 Qd8 27. Rde1 Bc6 28.
Nf4 Re8 29. Qf2 Nd7 30. Bd3 Re5 31. h4 Qe7 32. Qg3 g5 33. Qg4 Rh8 34. hxg5 fxg5
35. Nh3 Nf6 36. Qg3 Rh4 37. Rf5 Rg4 38. Qe3 Nxe4 39. Rxe5 Qxe5 40. Qf3 Rg3 41.
Qh5 Qd4+ 42. Kh2 Rxg2+ 0-1

[Event "Challenge"]
[Site "http://www.queenalice.com/game.php?id=1814744"]
[Date "2023.6.23"]
[Round "-"]
[White "jpribeiro"]
[Black "Copelipon"]
[Result "1-0"]
[WhiteElo "2019"]
[BlackElo "2125"]

1. e4 e5 2. Nc3 Nf6 3. f4 d5 4. fxe5 Nxe4 5. Nf3 Be7 6. d3 Bh4+ 7. g3 Nxg3 8.
hxg3 Bxg3+ 9. Ke2 Nc6 10. d4 O-O 11. Qd3 g6 12. Bg5 Qd7 13. Bh6 Re8 14. Bg5 Nxe5
15. dxe5 Bxe5 16. Nxe5 Qg4+ 17. Qf3 Qxg5 18. Qxf7+ Kh8 19. Qxh7# 1-0

[Event "Challenge"]
[Site "http://www.queenalice.com/game.php?id=1815037"]
[Date "2023.6.28"]
[Round "-"]
[White "jpribeiro"]
[Black "Copelipon"]
[Result "0-1"]
[WhiteElo "2191"]
[BlackElo "2129"]

1. e4 d6 2. d4 Nf6 3. Bb5+ c6 4. Bd3 e5 5. dxe5 dxe5 6. Nf3 Bd6 7. h3 h6 8. O-O
O-O 9. Be3 Be6 10. c4 Nbd7 11. a3 Qc7 12. Nc3 Nc5 13. Bxc5 Bxc5 14. Na4 Be7 15.
b4 Rad8 16. Nd2 Rxd3 17. Qe2 Rfd8 18. Rfd1 Qd7 19. Nb2 Rxd2 20. Rxd2 Qxd2 21.
Qxd2 Rxd2 22. Na4 Nxe4 23. f3 Ng5 24. c5 f5 25. h4 Nf7 26. g3 Bf6 27. Re1 Rd3
28. Kf2 Rxa3 29. Nb2 Ra2 30. Re2 e4 31. Nd1 Bd4+ 32. Ne3 Ne5 33. Rxa2 Bxa2 34.
Ke2 Bxe3 35. Kxe3 Nxf3 36. Ke2 g5 37. hxg5 hxg5 38. Ke3 Kf7 39. Kf2 Ke6 40. Ke3
Kd5 0-1

[Event "Challenge"]
[Site "http://www.queenalice.com/game.php?id=1815456"]
[Date "2023.7.2"]
[Round "-"]
[White "Copelipon"]
[Black "jpribeiro"]
[Result "1-0"]
[WhiteElo "2143"]
[BlackElo "2008"]

1. d4 Nf6 2. c4 g6 3. Nc3 d5 4. Bg5 e6 5. Bxf6 Qxf6 6. cxd5 exd5 7. Nxd5 Qd8 8.
Nc3 Bg7 9. e3 O-O 10. Bc4 Re8 11. Nge2 c6 12. O-O b5 13. Bb3 b4 14. Na4 a5 15.
Nc5 Na6 16. Ba4 Qd6 17. Rc1 Nxc5 18. Rxc5 Bb7 19. Ng3 Rac8 20. Rxa5 Ra8 21. Rxa8
Rxa8 22. Bb3 c5 23. dxc5 Qxc5 24. Qd7 Qc6 25. Qxf7+ Kh8 26. f3 Rf8 27. Qc4 Qxc4
28. Bxc4 Rc8 29. b3 Ra8 30. Rd1 Bf6 31. Rd2 Ba6 32. Bxa6 Rxa6 33. e4 Bc3 34. Re2
Be5 35. Nf1 Bd4+ 36. Kh1 Rc6 37. g3 g5 38. Ne3 Bxe3 39. Rxe3 Rc1+ 40. Kg2 Rc2+
41. Kh3 Rxa2 42. f4 h6 43. e5 Kg7 44. f5 Ra8 45. Kg4 Kf7 46. h4 gxh4 47. Kxh4
Ra2 48. Re4 Rh2+ 49. Kg4 h5+ 50. Kg5 Rg2 51. e6+ Ke7 52. g4 hxg4 53. Rxg4 Rb2
54. Rxb4 Rg2+ 55. Rg4 Rb2 56. b4 Rb3 57. f6+ Kxe6 58. Re4+ Kf7 59. Re7+ Kf8 60.
Rb7 Rg3+ 61. Kf5 Rf3+ 62. Ke5 Re3+ 63. Kd4 Re1 64. b5 Rd1+ 65. Kc5 Rc1+ 66. Kb6
Rf1 67. f7 Rf6+ 68. Ka7 Rf1 69. Rc7 Ra1+ 70. Kb7 Rb1 71. b6 Kg7 72. Ka7 Ra1+ 73.
Kb8 1-0

[Event "Challenge"]
[Site "http://www.queenalice.com/game.php?id=1815457"]
[Date "2023.7.2"]
[Round "-"]
[White "jpribeiro"]
[Black "Copelipon"]
[Result "1/2-1/2"]
[WhiteElo "2168"]
[BlackElo "2156"]

1. e4 e5 2. Nc3 Nf6 3. f4 d5 4. fxe5 Nxe4 5. Nf3 Be7 6. d3 Nxc3 7. bxc3 O-O 8.
d4 Bg4 9. Be2 c5 10. Rb1 b6 11. h3 Bf5 12. g4 Be4 13. O-O c4 14. Nd2 f5 15. Nxe4
fxe4 16. Rxf8+ Qxf8 17. Be3 Nc6 18. Qf1 h6 19. Qxf8+ Rxf8 20. Rf1 g5 21. Rxf8+
Kxf8 22. Bc1 Kg7 23. Kf2 b5 24. a3 a5 25. Bb2 b4 26. axb4 axb4 27. Ke1 Kf7 28.
Kd2 Ke6 29. Ba1 Na5 30. cxb4 Bxb4+ 31. Bc3 Nc6 32. Bxb4 Nxb4 33. c3 Nc6 34. Ke3
Ne7 35. Kf2 Kd7 36. Bd1 Nc8 37. Ba4+ Kc7 38. Ke3 Na7 39. Kd2 Kb6 40. Be8 Nc8 41.
Bf7 Ne7 42. Be8 Ka5 43. Ke3 Kb6 1/2-1/2

[Event "Challenge"]
[Site "http://www.queenalice.com/game.php?id=1815900"]
[Date "2023.7.8"]
[Round "-"]
[White "jpribeiro"]
[Black "Copelipon"]
[Result "0-1"]
[WhiteElo "2043"]
[BlackElo "2103"]

1. e4 d6 2. d4 Nf6 3. Nc3 g6 4. f4 Bg7 5. Nf3 O-O 6. Bd3 Nc6 7. a3 Bg4 8. Be3 e5
9. dxe5 Bxf3 10. Qxf3 dxe5 11. f5 a6 12. O-O-O Qc8 13. h3 b5 14. g4 Nd4 15. Bxd4
exd4 16. Ne2 c5 17. Ng3 c4 18. Bf1 d3 19. cxd3 cxd3+ 20. Kd2 Qc2+ 21. Ke1 Qxb2
22. Rxd3 Rac8 23. g5 Rc1+ 24. Rd1 Rd8 25. Rxc1 Qd2# 0-1

[Event "Challenge"]
[Site "http://www.queenalice.com/game.php?id=1816165"]
[Date "2023.7.12"]
[Round "-"]
[White "jpribeiro"]
[Black "Copelipon"]
[Result "1-0"]
[WhiteElo "2138"]
[BlackElo "2156"]

1. e4 d6 2. d4 Nf6 3. Nc3 g6 4. f4 Bg7 5. Nf3 O-O 6. Bd3 Nc6 7. h3 Re8 8. Be3 e5
9. dxe5 dxe5 10. fxe5 Nxe5 11. Nxe5 Rxe5 12. O-O Nh5 13. Qf3 a6 14. Qxf7+ Kh8
15. Qf3 Be6 16. g4 Nf6 17. Rad1 Qc8 18. Bd4 Nxg4 19. hxg4 Bxg4 20. Qf4 Rh5 21.
Bxg7+ Kxg7 22. Rd2 Qd7 23. Nd5 Qd6 24. Nf6 Rh4 25. Ne8+ Rxe8 26. Qf7+ Kh6 27.
Qxe8 Qg3+ 28. Rg2 Qe3+ 29. Rff2 Bh3 30. Qf8+ Kh5 31. Be2+ Bg4 32. Bxg4+ Rxg4 33.
Qf3 Qxe4 34. Qxe4 Rxe4 35. Rh2+ Rh4 36. Rxh4+ Kxh4 37. Rh2+ Kg4 38. Rxh7 b5 39.
Rxc7 g5 40. Ra7 Kf3 41. Rxa6 g4 42. Rf6+ Kg3 43. c3 Kh3 44. a4 bxa4 45. c4 g3
46. Rh6+ Kg4 47. Kg2 Kf4 48. c5 Kg5 49. Ra6 1-0

[Event "Challenge"]
[Site "http://www.queenalice.com/game.php?id=1816855"]
[Date "2023.7.21"]
[Round "-"]
[White "jpribeiro"]
[Black "Copelipon"]
[Result "1-0"]
[WhiteElo "2072"]
[BlackElo "2155"]

1. e4 e5 2. Nf3 Nf6 3. Nxe5 Nxe4 4. Qe2 Qe7 5. Qxe4 d6 6. d4 dxe5 7. Qxe5 Nc6 8.
Qxe7+ Bxe7 9. c3 O-O 10. f4 a6 11. a4 Bh4+ 12. g3 Re8+ 13. Kf2 Bf6 14. Be3 Bf5
15. Bg2 Na5 16. Nd2 c6 17. b4 Bd8 18. bxa5 Bxa5 19. Rac1 Re7 20. h4 Rae8 21.
Rce1 Bxc3 22. Nb3 Bxe1+ 23. Rxe1 Bc2 24. Nc5 g6 25. Bd2 b6 26. Rxe7 Rxe7 27.
Nxa6 Bxa4 28. Nb4 c5 29. dxc5 bxc5 30. Nd5 Re6 31. Bc3 f5 32. Nf6+ Kf7 33. Nxh7
Rb6 34. Bd5+ Ke7 35. Ng5 Rd6 36. Bg8 Bb5 37. Nf3 c4 38. Bb4 Kf8 39. Bxc4 Bxc4
40. Bxd6+ Kg7 41. Ke3 Bf7 42. Be5+ Kh6 43. Kd3 Bd5 44. Nd4 Kh5 45. Ke3 Kg4 46.
Kf2 Bb7 47. Ne6 Kh5 48. Ng7+ Kg4 49. Ne8 Bf3 50. Nf6+ Kh3 51. Kxf3 Kh2 52. Nd7
Kh3 53. Nf8 1-0

[Event "Challenge"]
[Site "http://www.queenalice.com/game.php?id=1817053"]
[Date "2023.7.24"]
[Round "-"]
[White "jpribeiro"]
[Black "Copelipon"]
[Result "0-1"]
[WhiteElo "2035"]
[BlackElo "2141"]

1. e4 c6 2. d4 d5 3. Nc3 dxe4 4. Nxe4 Nd7 5. Nf3 Ngf6 6. Qe2 e6 7. Nxf6+ Nxf6 8.
Bg5 Be7 9. O-O-O O-O 10. c3 Qc7 11. Bxf6 Bxf6 12. g3 Re8 13. Ne5 g6 14. Ng4 Bg7
15. Bg2 e5 16. Nxe5 f6 17. Qc4+ Be6 18. Qe2 fxe5 19. dxe5 Bxa2 20. f4 Bb3 21.
Rd6 Qa5 22. Qd3 Rad8 23. Rxd8 Rxd8 24. Qb1 Qc5 25. Qe4 Qa5 26. Qb1 Qc5 27. Qe4
Bd5 28. Qe2 b5 29. Bxd5+ Rxd5 30. Rd1 Rxd1+ 31. Kxd1 Qd5+ 32. Kc2 Kf7 33. Qd3
Qxd3+ 34. Kxd3 c5 35. b3 Ke6 36. Ke4 Bf8 37. g4 a5 38. f5+ gxf5+ 39. gxf5+ Kf7
40. e6+ Kf6 41. h4 c4 42. bxc4 bxc4 43. Kd4 a4 44. Kxc4 a3 45. Kb3 Kxf5 46. c4
Kxe6 47. Ka2 Kf5 48. Kb3 h5 0-1

[Event "Challenge"]
[Site "http://www.queenalice.com/game.php?id=1817233"]
[Date "2023.7.25"]
[Round "-"]
[White "jpribeiro"]
[Black "Copelipon"]
[Result "0-1"]
[WhiteElo "2155"]
[BlackElo "2143"]

1. e4 e5 2. Nc3 Nf6 3. f4 d5 4. fxe5 Nxe4 5. Nf3 Be7 6. Qe2 f5 7. d3 Nc5 8. b4
Ne6 9. a3 O-O 10. d4 a6 11. Bd2 b6 12. g3 c5 13. bxc5 bxc5 14. dxc5 Nxc5 15.
O-O-O Ne4 16. h4 Nxg3 17. Qh2 Bxa3+ 18. Kb1 Nxh1 19. Qxh1 Qb6+ 20. Nb5 axb5 21.
Ne1 Be6 22. Bc3 Rc8 23. Bd4 Bc5 24. Bxc5 Qxc5 25. Bd3 Qb4+ 0-1

[Event "Challenge"]
[Site "http://www.queenalice.com/game.php?id=1818460"]
[Date "2023.8.10"]
[Round "-"]
[White "jpribeiro"]
[Black "Copelipon"]
[Result "1-0"]
[WhiteElo "1986"]
[BlackElo "2141"]

1. e4 d6 2. d4 Nf6 3. Nc3 g6 4. f4 Bg7 5. Nf3 O-O 6. Bd3 Nc6 7. Be3 h6 8. h3 Re8
9. e5 Nh7 10. a3 Nf8 11. O-O f6 12. d5 Nb8 13. e6 c6 14. Nh4 f5 15. g4 cxd5 16.
gxf5 d4 17. Bb5 Nc6 18. Bxc6 bxc6 19. Bxd4 g5 20. Bxg7 Kxg7 21. Qd4+ Kh7 22.
fxg5 hxg5 23. Nf3 Kh6 24. Qe3 Qb6 25. Qxb6 axb6 26. Ne4 Nxe6 27. Rae1 Nf4 28.
Nexg5 Bxf5 29. h4 e5 30. Nf7+ Kh5 31. Nxd6 Rg8+ 32. Kh2 Rg2+ 33. Kh1 Bh3 34.
Rxe5+ Kg6 35. Ng1 Rg4 36. Nxh3 Nxh3 37. Kh2 Rxh4 38. Re6+ Kh5 39. Nf5 Ng5+ 40.
Nxh4 Nxe6 41. Nf5 Rh8 42. Rg1 Ng5 43. Kg3 Rg8 44. Rh1+ Kg6 45. Ne7+ Kf7 46. Nxg8
Kxg8 47. Kf4 Ne6+ 48. Ke5 Kf7 49. Rh7+ Kg6 50. Re7 Nc5 51. Kd6 Kf6 52. Ra7 1-0

[Event "Challenge"]
[Site "http://www.queenalice.com/game.php?id=1818461"]
[Date "2023.8.10"]
[Round "-"]
[White "Copelipon"]
[Black "jpribeiro"]
[Result "1-0"]
[WhiteElo "2134"]
[BlackElo "2023"]

1. d4 Nf6 2. c4 g6 3. Nc3 d5 4. Nf3 Bg7 5. e3 Bg4 6. Be2 O-O 7. h3 Bxf3 8. Bxf3
c6 9. Qb3 Qc7 10. cxd5 a6 11. dxc6 Nxc6 12. Bd2 Na5 13. Qc2 Nc4 14. O-O e6 15.
Rac1 h6 16. Ne4 Nxe4 17. Bxe4 b5 18. b3 Rac8 19. bxc4 bxc4 20. g3 f5 21. Bg2 Rb8
22. a4 Rfc8 23. Rfd1 Rb3 24. Bf1 Kf7 25. Bxc4 Rbb8 26. Bxe6+ Kxe6 27. Qxc7 Rxc7
28. Rxc7 Bf6 29. Rc6+ Kf7 30. Rxa6 Rb7 31. a5 Bd8 32. Ra8 Be7 33. a6 Rb6 34. Ra1
1-0

[Event "Challenge"]
[Site "http://www.queenalice.com/game.php?id=1819073"]
[Date "2023.8.19"]
[Round "-"]
[White "jpribeiro"]
[Black "Copelipon"]
[Result "1-0"]
[WhiteElo "2023"]
[BlackElo "2150"]

1. e4 d5 2. Nf3 dxe4 3. Ng5 Nf6 4. d3 exd3 5. Bxd3 h6 6. Nxf7 Qxd3 7. Qxd3 Kxf7
8. Qc4+ Be6 9. Qxc7 Nbd7 10. O-O g5 11. c4 Bg7 12. b3 b6 13. Qc6 Rhc8 14. Qf3
Rab8 15. Nc3 Ne5 16. Qe3 Neg4 17. Qe2 Rc5 18. h3 Ne5 19. Ba3 Ra5 20. Bb4 Nc6 21.
Bxa5 bxa5 22. Rfe1 Nd4 23. Qe3 Rd8 24. Rad1 Ng8 25. Rxd4 Bxd4 26. Qxe6+ Kg7 27.
Nb5 Bb6 28. a3 Rf8 29. Qe5+ Rf6 30. c5 Bd8 31. Nxa7 Kf7 32. Qd5+ e6 33. Qxd8 Ne7
34. Qxa5 1-0

[Event "Challenge"]
[Site "http://www.queenalice.com/game.php?id=1819074"]
[Date "2023.8.19"]
[Round "-"]
[White "Copelipon"]
[Black "jpribeiro"]
[Result "1-0"]
[WhiteElo "2133"]
[BlackElo "1986"]

1. c3 c5 2. e4 e5 3. Nf3 Nc6 4. d4 cxd4 5. cxd4 exd4 6. Nxd4 Nxd4 7. Qxd4 Qa5+
8. Bd2 Qc5 9. Qc3 Qxc3 10. Nxc3 Bc5 11. Bc4 Ne7 12. O-O a6 13. a3 b5 14. Ba2 O-O
15. Rad1 Bb7 16. Rfe1 b4 17. Na4 Bd6 18. Nb6 Rad8 19. e5 Bc5 20. Bxb4 Bxb4 21.
axb4 Bc6 22. Bc4 Rfe8 23. Bxa6 Ng6 24. Nc4 Ba4 25. Rd6 Re6 26. b5 Bb3 27. Na5
Rxd6 28. exd6 Be6 29. b6 Nf4 30. b7 Nd5 31. Rc1 Nb6 32. Rc8 Nxc8 33. bxc8=Q Rxc8
34. Bxc8 Bf5 35. b4 Kf8 36. b5 Ke8 37. b6 1-0

[Event "Challenge"]
[Site "http://www.queenalice.com/game.php?id=1820384"]
[Date "2023.9.7"]
[Round "-"]
[White "jpribeiro"]
[Black "Copelipon"]
[Result "1-0"]
[WhiteElo "1965"]
[BlackElo "2151"]

1. e4 c5 2. a3 Nc6 3. b4 cxb4 4. axb4 Nxb4 5. c3 Nc6 6. d4 e6 7. Nf3 d5 8. e5 f6
9. Bb5 Bd7 10. exf6 Nxf6 11. Bg5 Qa5 12. Qa4 Qc7 13. Nbd2 Be7 14. Bxc6 Bxc6 15.
Qc2 O-O 16. O-O Bd6 17. Rfe1 Rae8 18. Bxf6 Rxf6 19. h3 Ref8 20. Ng5 g6 21. Nxe6
Rxe6 22. Rxe6 Bh2+ 23. Kh1 Rxf2 24. Rf1 Rxf1+ 25. Nxf1 Qf7 26. Re1 Bd6 27. Qe2
a6 28. Qe6 Qxe6 29. Rxe6 Bf8 30. Nd2 a5 31. Nb3 a4 32. Na5 Bd7 33. Rb6 a3 34.
Rxb7 Ba4 35. Rb1 Kf7 36. Nb7 a2 37. Ra1 Bb3 38. Na5 Bc4 39. Nxc4 dxc4 40. Rxa2
1-0

[Event "Challenge"]
[Site "http://www.queenalice.com/game.php?id=1821106"]
[Date "2023.9.19"]
[Round "-"]
[White "jpribeiro"]
[Black "Copelipon"]
[Result "1-0"]
[WhiteElo "2039"]
[BlackElo "2124"]

1. e4 c6 2. Nc3 d5 3. exd5 cxd5 4. Bb5+ Nc6 5. f4 Nf6 6. Nf3 e6 7. O-O d4 8. Ne2
Bc5 9. Kh1 O-O 10. a3 Ne4 11. d3 Nd6 12. Bxc6 bxc6 13. b4 Bb6 14. Nexd4 Bb7 15.
Be3 Rc8 16. c4 c5 17. bxc5 Bxc5 18. Nc2 Nf5 19. Bxc5 Rxc5 20. Rb1 Bxf3 21. Qxf3
Nh4 22. Qf2 Qxd3 23. Qxc5 Qxc2 24. Qf2 Qxf2 25. Rxf2 Rc8 26. g3 Ng6 27. Rc2 e5
28. fxe5 Nxe5 29. Rb7 a5 30. Rcb2 g6 31. Rb8 Rxb8 32. Rxb8+ Kg7 33. c5 Nd7 34.
Rb5 a4 35. c6 Nf6 36. c7 1-0